000 01454nam a2200361 i 4500
005 20210727153343.0
007 ta
008 200428s2006 mx gr 000 0 spa d
020 _a9681607260
040 _aCO-BoRNBP
_bspa
_cCO-BoRNBP
_erda
041 0 _aspa
082 0 4 _a909.07
_bR65e
100 1 _aRomero, José Luis
_d1909-1977
_eautor
245 1 3 _aLa Edad Media
_cpor José Luis Romero
250 _aPrimera edición
264 1 _aMéxico
_bFondo de Cultura Económica
_c2006
300 _a214 páginas
_c21 cm
336 _atexto
_btxt
_2rdacontent
337 _asin mediación
_bn
_2rdamedia
338 _avolumen
_bnc
_2rdacarrier
490 0 _aTezontle
490 0 _aBreviarios del Fondo de Cultura Económica
_v12
504 _aIncluye referencias bibliográficas
505 1 _aHistoria de la Edad Media -- Panorama de la cultura medieval
520 3 _aJosé Luis Romero, el conocido historiador argentino, autor de un notable ensayo sobre la historiografía de Maquiavelo, entre otros estudios, nos ofrece en este libro la oportunidad de hacer un viaje por ese mundo complejo y fascinante que fue la Edad Media
650 1 7 _aHistoria medieval
_2LEMB
650 1 7 _aImperio bizantino
_2LEMB
650 1 7 _aEdad Media
_xCondiciones sociales
_zEuropa
_2LEMB
650 1 7 _aEdad Media
_xPolítica y gobierno
_zEuropa
_2LEMB
650 1 7 _aReyes y soberanos
_zEuropa
_2LEMB
651 4 _aEuropa
_xHistoria
_ySiglos V-XV
_957533
942 _2ddc
_cBK
999 _c6584
_d6584